000 00539nam a2200181Ia 4500
005 20250508163733.0
008 008 250505s9999 xx 000 0 eng d
037 _aReference
040 _aFEDL
_beng
_cFEDL
041 _aeng
_2eng
084 _a507, RAD
_qFEDL
100 _aRadha Mohan
245 0 _aInnovative science teaching : For physical science teachers
260 _aNew Delhi, India
_bPrentice Hall of India Private Limited
_c1995
300 _aix,311p.
942 _cREF
_h507, RAD
999 _c1384974
_d1384974